Luisito : (Record no. 198014)

MARC details
000 -LEADER
campo de control de longitud fija 01382cam a2200397 i 4500
001 - NÚMERO DE CONTROL
campo de control 198014
003 - IDENTIFICADOR DE NÚMERO DE CONTROL
campo de control ES-MaACL
005 - FECHA Y HORA DE LA ÚLTIMA TRANSACCIÓN
campo de control 20260221063021.0
008 - DATOS DE LONGITUD FIJA--INFORMACIÓN GENERAL
campo de control de longitud fija 251215s2009 sp | |||| 000 1 spa
017 ## - NÚMERO DE COPYRIGHT O DE DEPÓSITO LEGAL
Número de copyright o de depósito legal B 54881-2008
Agencia que asigna Oficina Depósito Legal Barcelona
020 ## - NÚMERO INTERNACIONAL ESTÁNDAR DEL LIBRO
Número Internacional Estándar del Libro 978-84-322-3184-1
040 ## - FUENTE DE CATALOGACIÓN
Centro catalogador/agencia de origen ES-MaACL
Lengua de catalogación spa
Centro/agencia transcriptor ES-MaACL
Normas de descripción rda
080 ## - NÚMERO DE LA CLASIFICACIÓN DECIMAL UNIVERSAL
Número de la Clasificación Decimal Universal 821.131.1-31"19"
100 1# - ENTRADA PRINCIPAL--NOMBRE DE PERSONA
Nombre de persona Tamaro, Susanna,
Fechas asociadas al nombre 1957-
9 (RLIN) 109152
Relación aut
Término indicativo de función/relación Autor
240 1# - TÍTULO UNIFORME
Título uniforme Luisito.
Lenguaje de la obra Español
9 (RLIN) 242819
245 10 - MENCIÓN DEL TÍTULO
Título Luisito :
Resto del título una historia de amor /
Mención de responsabilidad, etc. Susanna Tamaro ; traducción del italiano por Guadalupe Ramírez
250 ## - MENCION DE EDICION
Mención de edición Primera edición: enero 2009
264 #1 - PRODUCCIÓN, PUBLICACIÓN, DISTRIBUCIÓN, FABRICACIÓN Y COPYRIGHT
Producción, publicación, distribución, fabricación y copyright Barcelona :
Nombre del de productor, editor, distribuidor, fabricante Seix Barral,
Fecha de producción, publicación, distribución, fabricación o copyright 2009
264 #4 - PRODUCCIÓN, PUBLICACIÓN, DISTRIBUCIÓN, FABRICACIÓN Y COPYRIGHT
Producción, publicación, distribución, fabricación y copyright ©2009
300 ## - DESCRIPCIÓN FÍSICA
Extensión 141 páginas ;
Dimensiones 22 cm
336 ## - TIPO DE CONTENIDO
Fuente rdacontent
Término de tipo de contenido texto
337 ## - TIPO DE MEDIO
Fuente rdamedia
Nombre/término del tipo de medio sin mediación
338 ## - TIPO DE SOPORTE
Fuente rdacarrier
Nombre/término del tipo de soporte volumen
500 ## - NOTA GENERAL
Nota general Índice
594 ## - NOTA AL TITULO Y MENCION DE RESPONSABILIDAD
Nota al título y mención de responsabilidad Traducción de: Luisito
655 #4 - TERMINO DE INDIZACIÓN--GENERO/FORMA
9 (RLIN) 233957
Datos o término principal de género/forma Novelas románticas
700 ## - ENTRADA AGREGADA--NOMBRE PERSONAL
Relación trl
9 (RLIN) 242820
Nombre de persona Ramírez, Guadalupe
Término indicativo de función/relación Traductor
852 ## - LOCALIZACIÓN
Ubicación ES-MaACL
Ubicación en estantería Depósito 1
Número de control de estantería A-15952
Donativo/Legado Donación: José Lázaro García
Encuadernación Encuadernación cartoné
itemnumber 207084
901 ## - NOMBRE PERSONAL DE POSESOR
a MON0903
942 ## - ELEMENTOS DE ENTRADA SECUNDARIOS (KOHA)
Tipo de ítem Koha Libro impreso
Suprimir en OPAC No
956 ## - LOCALIZACIÓN Y ACCESO ELECTRÓNICOS LOCAL (OCLC)
Nombre del host 2
Holdings
Estatus retirado Estado de pérdida Fuente del sistema de clasificación o colocación Estado de daño No para préstamo Biblioteca de origen Biblioteca actual Ubicación en estantería Fecha de adquisición Fuente de adquisición Total de préstamos Signatura topográfica completa Código de barras Visto por última vez Precio de reemplazo Tipo de ítem Koha
    Clasificación decimal universal     Biblioteca del Ateneo de Madrid Biblioteca del Ateneo de Madrid Depósito 1 15/12/2025 Donación   A-15952 2026-0077 19/02/2026 19/02/2026 Libro impreso